| 000 | 00416nam a2200181Ia 4500 | ||
|---|---|---|---|
| 005 | 20250603144806.0 | ||
| 008 | 250603s9999 xx 000 0 und d | ||
| 020 | _a9780077114534 | ||
| 050 | _aHD 75 .R677/ | ||
| 100 | _aRoss, Anthony Cluness | ||
| 245 | 0 | _aDevelopment economics | |
| 260 | _aLondon | ||
| 260 | _bMc-Graw Hill Higher | ||
| 260 | _c2009 | ||
| 300 | _a773 p | ||
| 650 | _aLondon | ||
| 942 | _cBK | ||
| 999 |
_c39964 _d39964 |
||